[Event "LYM - Young Masters"]
[Site "Lausanne - Casino de Montbenon"]
[Date "2000.05.30"]
[Round "1.1"]
[White "Galkin, Alexander"]
[Black "Bu, Xiangzhi"]
[Result "1/2-1/2"]
[WhiteElo "2566"]
[BlackElo "2565"]
[PlyCount "31"]
[EventDate "2000.05.31"]

1. e4 c5 2. Nf3 Nc6 3. d4 cxd4 4. Nxd4 Nf6 5. Nc3 d6 6. Bg5 e6 7. Qd2 a6 8.
O-O-O h6 9. Be3 Qc7 10. f3 Rb8 11. Kb1 Na5 12. Nb3 Nc6 13. Nd4 Na5 14. Nb3 Nc6
15. a4 b6 16. Be2 1/2-1/2

[Event "LYM - Young Masters"]
[Site "Lausanne - Casino de Montbenon"]
[Date "2000.05.31"]
[Round "1.2"]
[White "Jenni, Florian"]
[Black "Ponomariov, Ruslan"]
[Result "1/2-1/2"]
[WhiteElo "2446"]
[BlackElo "2627"]
[PlyCount "113"]
[EventDate "2000.05.31"]

1. e4 d6 2. d4 Nf6 3. Nc3 g6 4. Nf3 Bg7 5. Be2 O-O 6. O-O c6 7. Re1 Qc7 8. Bf4
Nh5 9. Be3 e5 10. Qd2 Nd7 11. a4 Nhf6 12. dxe5 dxe5 13. Bc4 b6 14. Rad1 Bb7 15.
Qd6 Rac8 16. Rd2 Qxd6 17. Rxd6 Rc7 18. Red1 Bc8 19. Ba2 h6 20. Nd2 Re8 21. Nc4
Ba6 22. R6d2 Bxc4 23. Bxc4 Bf8 24. f3 Kg7 25. g3 a5 26. Bf1 Bc5 27. Kf2 Bxe3+
28. Kxe3 Nc5 29. Bh3 h5 30. b3 h4 31. Kf2 hxg3+ 32. hxg3 Kf8 33. Rd8 Ke7 34.
Rxe8+ Nxe8 35. f4 Nf6 36. Kf3 Nfd7 37. Nb1 Rc8 38. Bxd7 Nxd7 39. Rh1 b5 40. Nc3
b4 41. Nd1 exf4 42. gxf4 c5 43. Ne3 Nb6 44. Rd1 c4 45. e5 cxb3 46. cxb3 Rc3 47.
Rd6 Nd7 48. Ra6 Rxb3 49. Rxa5 Ra3 50. Rb5 Rxa4 51. Nd5+ Ke6 52. Kg4 b3 53. Kg5
Rc4 54. Nf6 Rc5 55. Rxb3 Nxf6 56. Rb6+ Ke7 57. Rxf6 1/2-1/2

[Event "LYM - Young Masters"]
[Site "Lausanne - Casino de Montbenon"]
[Date "2000.05.31"]
[Round "1.2"]
[White "Bu, Xiangzhi"]
[Black "Galkin, Alexander"]
[Result "0-1"]
[WhiteElo "2565"]
[BlackElo "2566"]
[PlyCount "74"]
[EventDate "2000.05.31"]

1. d4 d5 2. c4 e6 3. Nc3 c6 4. Nf3 dxc4 5. g3 Nf6 6. Bg2 Nbd7 7. O-O b5 8. e4
Bb7 9. e5 Nd5 10. Ng5 h6 11. Nxe6 fxe6 12. Qh5+ Ke7 13. Ne4 Qe8 14. Bg5+ hxg5
15. Qxh8 Kd8 16. Nxg5 Qe7 17. f4 Kc7 18. Bh3 c5 19. a4 cxd4 20. Nxe6+ Kb6 21.
Qh7 a6 22. Qe4 d3 23. axb5 Nc5 24. Qd4 Kxb5 25. Nxf8 Nb3 26. Qf2 Rxf8 27. Rad1
g5 28. f5 Qxe5 29. Rde1 Qd4 30. Re6 d2 31. Rd1 Qxb2 32. Bf1 Qd4 33. Qxd4 Nxd4
34. Re4 Kc5 35. Rxd4 Kxd4 36. Rxd2+ Kc5 37. Rc2 c3 0-1

[Event "LYM - Young Masters"]
[Site "Lausanne - Casino de Montbenon"]
[Date "2000.06.01"]
[Round "2.1"]
[White "Ponomariov,Ruslan"]
[Black "Galkin,Alexander"]
[Result "1-0"]
[WhiteElo "2627"]
[BlackElo "2566"]
[PlyCount "63"]
[EventDate "2000.06.01"]

1. e4 c6 2. d4 d5 3. Nc3 dxe4 4. Nxe4 Nd7 5. Ng5 Ngf6 6. Bd3 e6 7. N1f3 Bd6 8.
Qe2 h6 9. Ne4 Nxe4 10. Qxe4 Qc7 11. O-O b6 12. Qg4 g5 13. Qh3 Rg8 14. Nd2 Bb7
15. a4 O-O-O 16. a5 Nf6 17. axb6 axb6 18. Nb3 g4 19. Qh4 Be7 20. Re1 Nd5 21.
Qh5 Bf6 22. Bd2 Rd7 23. Ba6 Rg6 24. Bxb7+ Kxb7 25. Rxe6 Ne7 26. Rxf6 Rxf6 27.
Qxg4 Rd8 28. g3 Re6 29. Qf3 Rf8 30. c4 Nc8 31. d5 Rg6 32. Nd4 1-0

[Event "LYM - Young Masters"]
[Site "Lausanne - Casino de Montbenon"]
[Date "2000.06.01"]
[Round "2.1"]
[White "De Vreugt,Dennis"]
[Black "Fressinet,Laurent"]
[Result "1/2-1/2"]
[WhiteElo "2498"]
[BlackElo "2501"]
[PlyCount "84"]
[EventDate "2000.06.01"]

1. e4 c5 2. Nf3 d6 3. Nc3 Nf6 4. d4 cxd4 5. Nxd4 a6 6. a4 e5 7. Nf3 Be7 8. Bc4
O-O 9. h3 Be6 10. Qe2 Nc6 11. O-O Rc8 12. Bxe6 fxe6 13. b3 Nd4 14. Nxd4 exd4
15. Nb1 Qa5 16. Bb2 Qc5 17. Na3 Nh5 18. Qc4 Nf4 19. Qxc5 Rxc5 20. Kh2 e5 21.
Rfe1 Bd8 22. b4 Rc7 23. Rad1 Be7 24. g3 Ng6 25. Re2 d5 26. exd5 Bxb4 27. h4 h5
28. Rd3 Rfc8 29. f4 exf4 30. Rxd4 fxg3+ 31. Kh3 Bd6 32. Bc1 Rc3 33. Re6 Bxa3
34. Bxa3 g2+ 35. Kxg2 Rxa3 36. Rxg6 Rxc2+ 37. Kh1 Kf7 38. Rg2 Rxg2 39. Kxg2 Ke7
40. Rb4 Kd6 41. Rxb7 Rxa4 42. Rxg7 Rxh4 1/2-1/2

[Event "LYM - Young Masters"]
[Site "Lausanne - Casino de Montbenon"]
[Date "2000.06.02"]
[Round "2.2"]
[White "Fressinet,Laurent"]
[Black "De Vreugt,Dennis"]
[Result "1/2-1/2"]
[WhiteElo "2501"]
[BlackElo "2498"]
[PlyCount "43"]
[EventDate "2000.??.??"]

1. e4 c5 2. Nc3 d6 3. f4 Nc6 4. Nf3 Nf6 5. Bb5 g6 6. Bxc6+ bxc6 7. O-O Bg7 8.
d3 O-O 9. Qe1 c4 10. dxc4 Ba6 11. e5 dxe5 12. fxe5 Ng4 13. Qe4 Bc8 14. Kh1 Bf5
15. Qe2 Qb8 16. Re1 f6 17. e6 Qb6 18. Na4 Nf2+ 19. Kg1 Nh3+ 20. Kh1 Nf2+ 21.
Kg1 Nh3+ 22. Kh1 1/2-1/2

[Event "LYM - Young Masters"]
[Site "Lausanne - Casino de Montbenon"]
[Date "2000.06.02"]
[Round "2.2"]
[White "De Vreugt,Dennis"]
[Black "Fressinet,Laurent"]
[Result "1-0"]
[WhiteElo "2498"]
[BlackElo "2501"]
[PlyCount "73"]
[EventDate "2000.??.??"]

1. e4 c5 2. Nc3 a6 3. g3 b5 4. Bg2 Bb7 5. d3 e6 6. f4 Nf6 7. Nf3 d5 8. e5 Nfd7
9. O-O Nc6 10. Ne2 Be7 11. Qe1 Nb4 12. Qd1 d4 13. c3 dxc3 14. bxc3 Nd5 15. c4
N5b6 16. Qc2 b4 17. g4 Qc7 18. Ng3 a5 19. Qe2 Bc6 20. f5 O-O-O 21. Bf4 g6 22.
f6 Bxf6 23. a3 Be7 24. axb4 axb4 25. Ne4 Qb7 26. Bg5 Nb8 27. Bxe7 Qxe7 28. Ra5
Qc7 29. Rfa1 Bxe4 30. Qxe4 N6d7 31. Ra8 Nb6 32. R8a5 N6d7 33. d4 Nc6 34. Ra8+
Kb7 35. R1a7+ Kb6 36. Ra6+ Kb7 37. R8a7+ 1-0

[Event "LYM - Young Masters"]
[Site "Lausanne - Casino de Montbenon"]
[Date "2000.06.03"]
[Round "3.1"]
[White "Grischuk,Alexander"]
[Black "Ponomariov,Ruslan"]
[Result "1/2-1/2"]
[WhiteElo "2581"]
[BlackElo "2621"]
[PlyCount "55"]
[EventDate "2000.??.??"]

1. e4 g6 2. d4 Bg7 3. Nc3 d6 4. f4 Nf6 5. Nf3 O-O 6. Bd3 Na6 7. O-O c5 8. d5
Bg4 9. Bc4 Nc7 10. h3 Bxf3 11. Qxf3 a6 12. a4 b6 13. Qd3 Qb8 14. Be3 Qb7 15.
Rab1 e6 16. b4 exd5 17. exd5 cxb4 18. Rxb4 b5 19. axb5 axb5 20. Bb3 Ra5 21. f5
Qa6 22. fxg6 hxg6 23. Ne4 Ra1 24. Nxf6+ Bxf6 25. Rbf4 Be5 26. R4f3 Rxf1+ 27.
Rxf1 Ne8 28. Bd4 1/2-1/2

[Event "LYM - Young Masters"]
[Site "Lausanne - Casino de Montbenon"]
[Date "2000.06.03"]
[Round "3.1"]
[White "Jenni,Florian"]
[Black "Fressinet,Laurent"]
[Result "1/2-1/2"]
[WhiteElo "2446"]
[BlackElo "2501"]
[PlyCount "74"]
[EventDate "2000.??.??"]

1. e4 c5 2. Nf3 d6 3. d4 cxd4 4. Nxd4 Nf6 5. Nc3 a6 6. Be3 Ng4 7. Bg5 h6 8. Bh4
g5 9. Bg3 Bg7 10. Be2 h5 11. Bxg4 hxg4 12. O-O Nc6 13. Nf5 Bxc3 14. bxc3 Qa5
15. Qxg4 f6 16. f4 Bxf5 17. Qxf5 Qxf5 18. exf5 g4 19. Rab1 O-O-O 20. Rfd1 Rh5
21. c4 Rxf5 22. Rd5 Rxd5 23. cxd5 Nd4 24. c3 Nf5 25. Bf2 Kb8 26. c4 Rc8 27. Rc1
b5 28. c5 dxc5 29. Rxc5 Rd8 30. Kf1 Rh8 31. Rc6 Rxh2 32. Kg1 Rh5 33. Bc5 g3 34.
Rxa6 Rh4 35. Rb6+ Kc7 36. Rxb5 Rxf4 37. Rb4 Rxb4 1/2-1/2

[Event "LYM - Young Masters"]
[Site "Lausanne - Casino de Montbenon"]
[Date "2000.06.04"]
[Round "3.2"]
[White "Fressinet,Laurent"]
[Black "Jenni,Florian"]
[Result "1/2-1/2"]
[WhiteElo "2501"]
[BlackElo "2446"]
[PlyCount "69"]
[EventDate "2000.??.??"]

1. e4 e5 2. Nf3 Nc6 3. Bb5 a6 4. Bxc6 dxc6 5. O-O f6 6. d4 exd4 7. Nxd4 c5 8.
Nb3 Qxd1 9. Rxd1 Bg4 10. f3 Bd7 11. Bf4 O-O-O 12. Nc3 c4 13. Na5 Bc5+ 14. Kh1
b5 15. Nd5 Ne7 16. Bxc7 Nxd5 17. Bxd8 Ne3 18. Nb7 Nxd1 19. Rxd1 Kxb7 20. Rxd7+
Kc8 21. Rc7+ Kb8 22. Rxc5 Rxd8 23. h4 Rd1+ 24. Kh2 Ra1 25. f4 Rxa2 26. e5 fxe5
27. fxe5 Ra1 28. Kg3 Rf1 29. Rc6 Kb7 30. Rd6 a5 31. Rd7+ Kb6 32. Rxg7 c3 33.
bxc3 a4 34. Rg8 Kb7 35. Rg7+ 1/2-1/2

[Event "LYM - Young Masters"]
[Site "Lausanne - Casino de Montbenon"]
[Date "2000.06.04"]
[Round "3.4"]
[White "Fressinet,Laurent"]
[Black "Jenni,Florian"]
[Result "1/2-1/2"]
[WhiteElo "2501"]
[BlackElo "2446"]
[PlyCount "99"]
[EventDate "2000.??.??"]

1. e4 e5 2. Nf3 Nc6 3. Bb5 a6 4. Bxc6 dxc6 5. O-O Ne7 6. Nxe5 Qd4 7. Qh5 g6 8.
Qg5 Bg7 9. Nd3 f5 10. e5 c5 11. b3 h6 12. Qe3 f4 13. Qxd4 cxd4 14. Nxf4 Bxe5
15. d3 Kf7 16. Re1 Bf6 17. Nd2 Nc6 18. a3 Bf5 19. Nd5 Bg7 20. Bb2 Rad8 21. Nf4
Be5 22. Ne2 Rhe8 23. Nc4 Bg7 24. Ng3 Be6 25. Ne4 Bd5 26. Nc5 Ne5 27. Nxe5+ Bxe5
28. Ne4 Re6 29. Re2 Rde8 30. Rae1 b6 31. Bc1 Bg7 32. Bf4 R8e7 33. Ng3 Rxe2 34.
Rxe2 c5 35. Rxe7+ Kxe7 36. f3 Kd7 37. Kf2 b5 38. Ne4 Kc6 39. Ke2 a5 40. Bd2 Kb6
41. g4 Bf8 42. Bc1 Be6 43. Bb2 Bg7 44. h3 Kc6 45. f4 h5 46. Kf3 hxg4+ 47. hxg4
a4 48. bxa4 bxa4 49. Nd2 Ba2 50. Bc1 1/2-1/2

[Event "LYM - Young Masters"]
[Site "Lausanne - Casino de Montbenon"]
[Date "2000.06.04"]
[Round "3.5"]
[White "Fressinet,Laurent"]
[Black "Jenni,Florian"]
[Result "1-0"]
[WhiteElo "2501"]
[BlackElo "2446"]
[PlyCount "83"]
[EventDate "2000.??.??"]

1. e4 e5 2. Nf3 Nc6 3. Bb5 Nge7 4. Nc3 g6 5. d4 Bg7 6. dxe5 Nxe5 7. Nxe5 Bxe5
8. Bh6 c6 9. Bd3 Qb6 10. Qc1 d6 11. O-O Bd7 12. a4 a5 13. Kh1 Bd4 14. Nd1 Ng8
15. c3 Bf6 16. Bf4 Be5 17. Bxe5 dxe5 18. Ne3 Be6 19. Bc4 Nf6 20. Bxe6 fxe6 21.
Qc2 O-O 22. Rad1 Rad8 23. g3 Qc5 24. Kg2 Nh5 25. Qb3 Qe7 26. Rxd8 Rxd8 27. Rd1
Rxd1 28. Qxd1 Ng7 29. Nc4 Qc7 30. Qd6 Qxd6 31. Nxd6 b6 32. Nc4 Ne8 33. Nxb6 Nd6
34. f3 Kf7 35. c4 Nb7 36. Nd7 Ke7 37. Nxe5 Kd6 38. Nd3 c5 39. Kf2 Nd8 40. f4
Nc6 41. f5 gxf5 42. exf5 1-0